[Event "Peterhof op 08"]
[Site "Peterhof"]
[Date "2009.08.05"]
[Round "3"]
[White "Kosarev, Dmitry"]
[Black "Bazeev, German"]
[Result "0-1"]
[WhiteElo "2231"]
[BlackElo "2285"]
[PlyCount "50"]
[EventDate "2009.08.03"]
[EventType "swiss"]
[EventRounds "9"]
[EventCountry "RUS"]
[SourceTitle "EXT 2010"]
[Source "ChessBase"]
[SourceDate "2010.11.25"]
[SourceVersion "1"]
[SourceVersionDate "2010.11.25"]
[SourceQuality "1"]

1. d4 Nf6 2. Nf3 e6 3. c4 Bb4+ 4. Nc3 0-0 5. Bg5 d5 6. e3 c6 7. Qc2 Nbd7 8. Bd3 Qa5 9. 0-0 Bxc3 10. bxc3 b6 11. Bxf6 Nxf6 12. Ne5 Bb7 13. f4 g6 14. Rf3 c5 15. Rg3 cxd4 16. cxd4 dxc4 17. Bxg6 fxg6 18. Nxg6 Rac8 19. Rg5 Be4 20. Qb2 c3 21. Qb3 Bd5 22. Qc2 Qa3 23. Nxf8+ Kxf8 24. Rxd5 exd5 25. Qf5 Rc6 0-1

[Event "Peterhof op 08"]
[Site "Peterhof"]
[Date "2009.08.04"]
[Round "2"]
[White "Volkov, Sergei"]
[Black "Kosarev, Dmitry"]
[Result "0-1"]
[WhiteElo "2291"]
[BlackElo "2231"]
[PlyCount "46"]
[EventDate "2009.08.03"]
[EventType "swiss"]
[EventRounds "9"]
[EventCountry "RUS"]
[SourceTitle "EXT 2010"]
[Source "ChessBase"]
[SourceDate "2010.11.25"]
[SourceVersion "1"]
[SourceVersionDate "2010.11.25"]
[SourceQuality "1"]

1. e4 c5 2. Nf3 e6 3. d4 cxd4 4. Nxd4 a6 5. Bd3 Bc5 6. Nb3 Be7 7. Qg4 g6 8. 0-0 d6 9. Nc3 Nd7 10. f4 Ngf6 11. Qg3 Qc7 12. a4 b6 13. Be3 Bb7 14. h3 h5 15. Qf2 h4 16. e5 dxe5 17. fxe5 Nxe5 18. Bxb6 Qb8 19. Bd4 Rh5 20. Be3 Nxd3 21. cxd3 Rf5 22. Qxh4 Nh5 23. Qc4 Qg3 0-1

[Event "St Petersburg-ch U18"]
[Site "St Petersburg"]
[Date "2006.12.24"]
[Round "7"]
[White "Kosarev, Dmitry"]
[Black "Gorovykh, Eduard"]
[Result "0-1"]
[WhiteElo "2210"]
[BlackElo "2341"]
[PlyCount "74"]
[EventDate "2006.11.12"]
[EventType "swiss"]
[EventRounds "7"]
[EventCountry "RUS"]
[SourceTitle "EXT 2019"]
[Source "ChessBase"]
[SourceDate "2018.10.10"]
[SourceVersion "1"]
[SourceVersionDate "2018.10.10"]
[SourceQuality "1"]

1. Nf3 Nf6 2. c4 g6 3. g3 Bg7 4. Bg2 0-0 5. 0-0 d6 6. Nc3 Nc6 7. d3 e5 8. Bg5 h6 9. Bxf6 Bxf6 10. Rb1 a5 11. a3 Be6 12. Nd2 Qc8 13. Nd5 Bd8 14. Re1 Bh3 15. Bh1 Nd4 16. e3 Ne6 17. b4 c6 18. Nc3 axb4 19. axb4 f5 20. b5 Ba5 21. Qc2 f4 22. exf4 exf4 23. bxc6 bxc6 24. Nb3 Bb6 25. Ne4 fxg3 26. hxg3 Nd4 27. Qc3 Nxb3 28. Rxb3 Ba5 29. Nf6+ Kf7 30. Qb2 Bxe1 31. Bd5+ cxd5 32. Nxd5 Ra7 33. Qf6+ Kg8 34. Qxg6+ Kh8 35. Qxh6+ Rh7 36. Rb7 Bxf2+ 37. Kh2 Bxg3+ 0-1

[Event "St Petersburg-ch U18"]
[Site "St Petersburg"]
[Date "2006.11.26"]
[Round "3"]
[White "Ivanov, Pavel"]
[Black "Kosarev, Dmitry"]
[Result "0-1"]
[WhiteElo "2055"]
[BlackElo "2210"]
[PlyCount "114"]
[EventDate "2006.11.12"]
[EventType "swiss"]
[EventRounds "7"]
[EventCountry "RUS"]
[SourceTitle "EXT 2019"]
[Source "ChessBase"]
[SourceDate "2018.10.10"]
[SourceVersion "1"]
[SourceVersionDate "2018.10.10"]
[SourceQuality "1"]

1. e4 c5 2. Nf3 e6 3. d4 cxd4 4. Nxd4 a6 5. Nc3 d6 6. Be2 Nf6 7. 0-0 Be7 8. f4 Nc6 9. Kh1 0-0 10. Be3 Qc7 11. Bf3 Nxd4 12. Bxd4 e5 13. Be3 exf4 14. Bxf4 Be6 15. Re1 Nd7 16. Nd5 Bxd5 17. Qxd5 Rad8 18. Red1 Nb6 19. Qa5 Bf6 20. c3 Be5 21. Be3 Na8 22. Qxc7 Nxc7 23. Bb6 Rc8 24. Bg4 Ne6 25. Bxe6 fxe6 26. Kg1 Rf4 27. Re1 Rc4 28. Rad1 Rcxe4 29. Rxe4 Rxe4 30. Bc7 d5 31. Bxe5 Rxe5 32. Kf2 Kf7 33. Rd4 Rf5+ 34. Ke3 Rf1 35. Rb4 b5 36. a4 bxa4 37. Rxa4 Rg1 38. Rf4+ Ke7 39. Rf2 a5 40. Kd3 g5 41. Ke3 h5 42. Kd3 h4 43. h3 Re1 44. Kd2 Re4 45. Kd3 Rf4 46. Re2 Kd6 47. Kc2 a4 48. Kd3 Rf1 49. Kc2 e5 50. Kd3 e4+ 51. Ke3 Ke5 52. Rd2 Re1+ 53. Kf2 Ra1 54. Ke2 Ra2 55. Ke1 a3 56. bxa3 Rxa3 57. Rc2 e3 0-1

[Event "Petrovskaya Ladya A1"]
[Site "Peterhof"]
[Date "2006.08.16"]
[Round "5"]
[White "Gritsenko, Andrey"]
[Black "Kosarev, Dmitry"]
[Result "0-1"]
[WhiteElo "2367"]
[BlackElo "2173"]
[PlyCount "94"]
[EventDate "2006.08.14"]
[EventType "tourn"]
[EventRounds "11"]
[EventCountry "RUS"]
[EventCategory "4"]
[SourceTitle "CBM 113 Extra"]
[Source "ChessBase"]
[SourceDate "2006.09.14"]
[SourceVersion "1"]
[SourceVersionDate "2006.09.14"]
[SourceQuality "1"]

1. e4 c5 2. Nf3 e6 3. d4 cxd4 4. Nxd4 d6 5. Nc3 a6 6. Be3 Nf6 7. f3 h5 8. Qd2 Nbd7 9. a4 b6 10. Bc4 Nc5 11. 0-0 Qc7 12. Ba2 Bb7 13. Rad1 Rc8 14. Rfe1 Be7 15. Bf2 0-0 16. h3 Rfe8 17. Bg3 h4 18. Bf2 Nh5 19. Nde2 Bc6 20. Nd4 Bb7 21. f4 Nf6 22. e5 Nfe4 23. Nxe4 Nxe4 24. Rxe4 Bxe4 25. Re1 dxe5 26. fxe5 Bg6 27. Qf4 Bc5 28. c3 Bxd4 29. Bxd4 b5 30. axb5 Qa5 31. Bb1 Qa1 32. Qf1 Qxb2 33. Bxg6 fxg6 34. bxa6 Red8 35. a7 Ra8 36. Qf3 Qa2 37. Qg4 Rxa7 38. Bxa7 Qxa7+ 39. Kh1 Qa6 40. Qxg6 Rc8 41. Qe4 Qc4 42. Qxc4 Rxc4 43. Re3 Kh7 44. Kg1 Kg6 45. Kf2 Kf5 46. Ke2 Kf4 47. Kd3 Rxc3+ 0-1

[Event "St Petersburg White Nights op"]
[Site "St Petersburg"]
[Date "2006.06.30"]
[Round "8"]
[White "Gershun, Dmitry"]
[Black "Kosarev, Dmitry"]
[Result "0-1"]
[WhiteElo "2039"]
[BlackElo "2185"]
[PlyCount "62"]
[EventDate "2006.06.23"]
[EventType "swiss"]
[EventRounds "9"]
[EventCountry "RUS"]
[SourceTitle "CBM 112 Extra"]
[Source "ChessBase"]
[SourceDate "2006.07.14"]
[SourceVersion "1"]
[SourceVersionDate "2006.07.14"]
[SourceQuality "1"]

1. e4 c5 2. Nf3 e6 3. d4 cxd4 4. Nxd4 a6 5. Nc3 d6 6. Be3 b5 7. Qd2 Bb7 8. f3 Nd7 9. 0-0-0 Ngf6 10. g4 h6 11. Bd3 Nc5 12. h4 g6 13. Nce2 Qc7 14. Kb1 Rd8 15. Qc3 e5 16. Nb3 Be7 17. Ng3 Ne6 18. Qd2 h5 19. g5 Nd7 20. Ne2 0-0 21. f4 exf4 22. Nxf4 Nxf4 23. Bxf4 Rfe8 24. Nd4 Bf8 25. Rhe1 Ne5 26. Qf2 Bg7 27. Ne2 Ng4 28. Qg2 Qc5 29. Ng3 b4 30. Bd2 a5 31. Qf1 Qe5 0-1

[Event "St Petersburg White Nights op"]
[Site "St Petersburg"]
[Date "2006.06.25"]
[Round "3"]
[White "Kosarev, Dmitry"]
[Black "Karasev, Vladimir I"]
[Result "1-0"]
[WhiteElo "2185"]
[BlackElo "2386"]
[PlyCount "55"]
[EventDate "2006.06.23"]
[EventType "swiss"]
[EventRounds "9"]
[EventCountry "RUS"]
[SourceTitle "CBM 112 Extra"]
[Source "ChessBase"]
[SourceDate "2006.07.14"]
[SourceVersion "1"]
[SourceVersionDate "2006.07.14"]
[SourceQuality "1"]

1. d4 b6 2. c4 Bb7 3. Nc3 e6 4. e4 Bb4 5. f3 Qh4+ 6. g3 Bxc3+ 7. bxc3 Qe7 8. Bd3 Nc6 9. Ne2 Na5 10. c5 f5 11. exf5 Bxf3 12. 0-0 Bg4 13. fxe6 Nf6 14. exd7+ Qxd7 15. cxb6 axb6 16. Bg5 0-0 17. Bxf6 Rxf6 18. Rxf6 gxf6 19. Qc2 Qe7 20. Nf4 Kh8 21. Rf1 Rd8 22. Qf2 c5 23. Re1 Qf8 24. h3 Bc8 25. Qe2 Qh6 26. Qe3 cxd4 27. cxd4 Nc6 28. Ng6+ 1-0

[Event "Petrovskaya Ladya"]
[Site "Peterhof"]
[Date "2006.01.10"]
[Round "10"]
[White "Lintchevski, Daniil"]
[Black "Kosarev, Dmitry"]
[Result "1-0"]
[WhiteElo "2422"]
[BlackElo "2178"]
[PlyCount "73"]
[EventDate "2006.01.03"]
[EventType "tourn"]
[EventRounds "11"]
[EventCountry "RUS"]
[EventCategory "3"]
[SourceTitle "CBM 110 Extra"]
[Source "ChessBase"]
[SourceDate "2006.03.10"]
[SourceVersion "2"]
[SourceVersionDate "2006.03.10"]
[SourceQuality "1"]

1. e4 c5 2. Nf3 e6 3. d4 cxd4 4. Nxd4 a6 5. Bd3 Bc5 6. Nb3 Be7 7. Qg4 g6 8. Qe2 d6 9. 0-0 Nd7 10. Na3 Qc7 11. Kh1 h5 12. Nc4 Ngf6 13. a4 b6 14. a5 bxa5 15. Ncxa5 h4 16. f4 Rh5 17. Bd2 Kf8 18. Bc3 e5 19. Qf3 Rb8 20. Nc4 exf4 21. Qxf4 Ne5 22. Nxe5 dxe5 23. Qf2 Bb7 24. Na5 Ba8 25. Nc4 h3 26. Rxa6 hxg2+ 27. Qxg2 Kg7 28. Ne3 Bb7 29. Nf5+ Kh8 30. Nxe7 Bxa6 31. Rxf6 Bxd3 32. Rxf7 Rb6 33. cxd3 Qd6 34. Qf3 Qe6 35. Nd5 Ra6 36. Qf6+ Qxf6 37. Nxf6 1-0

[Event "Petrovskaya Ladya"]
[Site "Peterhof"]
[Date "2006.01.09"]
[Round "8"]
[White "Zeliakov, Nugzar"]
[Black "Kosarev, Dmitry"]
[Result "1/2-1/2"]
[WhiteElo "2173"]
[BlackElo "2178"]
[PlyCount "87"]
[EventDate "2006.01.03"]
[EventType "tourn"]
[EventRounds "11"]
[EventCountry "RUS"]
[EventCategory "3"]
[SourceTitle "CBM 110 Extra"]
[Source "ChessBase"]
[SourceDate "2006.03.10"]
[SourceVersion "2"]
[SourceVersionDate "2006.03.10"]
[SourceQuality "1"]

1. d4 Nf6 2. Nf3 g6 3. c4 Bg7 4. Nc3 d5 5. Bg5 Ne4 6. cxd5 Nxg5 7. Nxg5 e6 8. Nf3 exd5 9. e3 0-0 10. b4 Be6 11. Be2 Nd7 12. 0-0 a6 13. a4 c6 14. a5 Qe7 15. Qb3 Rae8 16. Na4 Nf6 17. Nc5 Ne4 18. Nxe6 Qxe6 19. Rad1 f5 20. g3 Bf6 21. Nd2 Nd6 22. Bf3 Nb5 23. Kh1 Kg7 24. Rg1 Qd6 25. Rb1 Bd8 26. Qd3 Rf7 27. Rgc1 Qf8 28. Bg2 Qe7 29. Re1 g5 30. f4 g4 31. Kg1 Bc7 32. Kf2 Bd6 33. Qb3 Rf6 34. Nf1 Re6 35. Red1 Kf6 36. Rd3 Rb8 37. Rb2 h5 38. Rd1 Kg6 39. Rd3 Rh8 40. Rd1 Re8 41. Rd3 Rb8 42. Rb1 Re8 43. Rb2 Bc7 44. Rc2 1/2-1/2

[Event "Petrovskaya Ladya"]
[Site "Peterhof"]
[Date "2006.01.08"]
[Round "6"]
[White "Eliseev, Alexey"]
[Black "Kosarev, Dmitry"]
[Result "1-0"]
[WhiteElo "2421"]
[BlackElo "2178"]
[PlyCount "71"]
[EventDate "2006.01.03"]
[EventType "tourn"]
[EventRounds "11"]
[EventCountry "RUS"]
[EventCategory "3"]
[SourceTitle "CBM 110 Extra"]
[Source "ChessBase"]
[SourceDate "2006.03.10"]
[SourceVersion "2"]
[SourceVersionDate "2006.03.10"]
[SourceQuality "1"]

1. d4 Nf6 2. c4 g6 3. Nc3 d5 4. cxd5 Nxd5 5. e4 Nxc3 6. bxc3 Bg7 7. Bc4 c5 8. Ne2 Nc6 9. Be3 0-0 10. 0-0 Na5 11. Bd3 b6 12. Qd2 Bb7 13. Rac1 Rc8 14. Rfd1 Qc7 15. Bh6 e5 16. Bxg7 Kxg7 17. dxe5 Qxe5 18. f4 Qe6 19. Ng3 f6 20. Qe2 Rcd8 21. h4 Bc8 22. h5 Qg4 23. Qf2 g5 24. fxg5 fxg5 25. Nf5+ Bxf5 26. exf5 Qxh5 27. Qg3 Kg8 28. Bc2 h6 29. Rd6 Rxd6 30. Qxd6 Qe8 31. Rf1 Qe3+ 32. Kh1 Qxc3 33. Qe6+ Rf7 34. Be4 Qc4 35. Qg6+ Kf8 36. Rd1 1-0

[Event "Chigorin Memorial 13th"]
[Site "St Petersburg"]
[Date "2005.10.19"]
[Round "5"]
[White "Smirnov, Artem"]
[Black "Kosarev, Dmitry"]
[Result "1-0"]
[WhiteElo "2375"]
[BlackElo "2177"]
[PlyCount "53"]
[EventDate "2005.10.15"]
[EventType "swiss"]
[EventRounds "9"]
[EventCountry "RUS"]
[SourceTitle "CBM 108 Extra"]
[Source "ChessBase"]
[SourceDate "2005.11.04"]
[SourceVersion "1"]
[SourceVersionDate "2005.11.04"]
[SourceQuality "1"]

1. d4 Nf6 2. Bg5 e6 3. e4 h6 4. Bxf6 Qxf6 5. Nc3 d6 6. Qd2 g5 7. Bc4 Bg7 8. Nge2 Nc6 9. Rd1 Bd7 10. 0-0 Qe7 11. Nb5 0-0-0 12. d5 exd5 13. exd5 Ne5 14. Qa5 Bxb5 15. Bxb5 a6 16. Bxa6 c5 17. Bb5 f5 18. Nc3 Qc7 19. Qa8+ Qb8 20. Qa4 Rhf8 21. Rfe1 Rf7 22. Bf1 Ng6 23. Nb5 Be5 24. b4 b6 25. bxc5 dxc5 26. d6 Rdd7 27. Rd5 1-0

[Event "Chigorin Memorial 13th"]
[Site "St Petersburg"]
[Date "2005.10.15"]
[Round "1"]
[White "Tihonov, Jurij"]
[Black "Kosarev, Dmitry"]
[Result "1/2-1/2"]
[WhiteElo "2474"]
[BlackElo "2177"]
[PlyCount "98"]
[EventDate "2005.10.15"]
[EventType "swiss"]
[EventRounds "9"]
[EventCountry "RUS"]
[SourceTitle "CBM 108 Extra"]
[Source "ChessBase"]
[SourceDate "2005.11.04"]
[SourceVersion "1"]
[SourceVersionDate "2005.11.04"]
[SourceQuality "1"]

1. d4 Nf6 2. c4 g6 3. Nc3 d5 4. cxd5 Nxd5 5. Bd2 Bg7 6. e4 Nb6 7. Be3 0-0 8. Bb5 Nc6 9. Nge2 e5 10. Bxc6 bxc6 11. dxe5 Nc4 12. Qxd8 Rxd8 13. Bg5 Re8 14. 0-0-0 Nxe5 15. h3 Ba6 16. Kc2 Nc4 17. Bc1 Nd6 18. Ng3 h5 19. h4 Nb5 20. Nxb5 cxb5 21. Bd2 c5 22. Bc3 Bh6 23. Rd6 Bb7 24. Nxh5 Bxe4+ 25. Kb3 b4 26. Nf6+ Kf8 27. Bd2 Bxd2 28. Rxd2 Re7 29. f3 Bf5 30. Kc4 a5 31. Rhd1 Rc7 32. Rd6 Bc2 33. Nd5 Rca7 34. Rc1 Bf5 35. Re1 Rc8 36. Nf4 Rcc7 37. Rd5 Bc8 38. Rxc5 Ba6+ 39. Kd4 Rd7+ 40. Rd5 Rdc7 41. Rc5 Rd7+ 42. Rd5 Rdc7 43. h5 Rc4+ 44. Ke3 Re7+ 45. Kd2 Rxe1 46. Kxe1 Rxf4 47. hxg6 fxg6 48. Rxa5 Bb7 49. Kd2 Bc6 1/2-1/2

[Event "St Petersburg White Nights op"]
[Site "St Petersburg"]
[Date "2005.06.21"]
[Round "4"]
[White "Kosarev, Dmitry"]
[Black "Korchagina, Victoria"]
[Result "1-0"]
[WhiteElo "2145"]
[BlackElo "1974"]
[PlyCount "145"]
[EventDate "2005.06.18"]
[EventType "swiss"]
[EventRounds "9"]
[EventCountry "RUS"]
[SourceTitle "CBM 106 Extra"]
[Source "ChessBase"]
[SourceDate "2005.07.01"]
[SourceVersion "1"]
[SourceVersionDate "2005.07.01"]
[SourceQuality "1"]

1. d4 Nf6 2. c4 g6 3. Nc3 d5 4. cxd5 Nxd5 5. e4 Nxc3 6. bxc3 Bg7 7. Nf3 c5 8. Rb1 0-0 9. Be2 Qa5 10. Rb5 Qxc3+ 11. Bd2 Qa3 12. Ra5 Qb2 13. Rxc5 Nc6 14. d5 Ne5 15. Rc2 Qb6 16. Nxe5 Bxe5 17. 0-0 Bd7 18. Be3 Qd8 19. f4 Bg7 20. Qb1 b5 21. Rfc1 a6 22. Qb4 Re8 23. Rc7 Rc8 24. Rxc8 Bxc8 25. a4 bxa4 26. Qxa4 a5 27. Bb5 Rf8 28. Kh1 h5 29. h3 Bb7 30. Bc6 Ba6 31. e5 Bh6 32. Ra1 Qb8 33. Qxa5 Qb3 34. Qa3 Rb8 35. Qxb3 Rxb3 36. Bc5 Bxf4 37. g3 Bxe5 38. Rxa6 Rxg3 39. Bxe7 Rxh3+ 40. Kg2 Rd3 41. Ra3 Rd4 42. Re3 f6 43. Bc5 Rd2+ 44. Kf3 Kf7 45. Ra3 g5 46. Ra7+ Kg6 47. Be8+ Kf5 48. Bd7+ Kg6 49. Be8+ Kf5 50. Bd7+ Kg6 51. Be6 f5 52. Bf7+ Kf6 53. Be7+ Kg7 54. Bxg5 Bd4 55. Bxd2 Bxa7 56. Bxh5 Kf6 57. Bc3+ Ke7 58. Kf4 Kd6 59. Bf3 Bb6 60. Kxf5 Bc5 61. Be5+ Ke7 62. Ke4 Bb4 63. Bg4 Bc5 64. Kd3 Bb4 65. Kc4 Ba3 66. Kb5 Ke8 67. Kc6 Ke7 68. d6+ Bxd6 69. Bxd6+ Kf6 70. Bf4 Kg6 71. Kd6 Kf6 72. Be6 Kg6 73. Ke5 1-0

[Event "St Petersburg White Nights op"]
[Site "St Petersburg"]
[Date "2005.06.18"]
[Round "1"]
[White "Kosarev, Dmitry"]
[Black "Sivokho, Sergey V"]
[Result "0-1"]
[WhiteElo "2145"]
[BlackElo "2475"]
[PlyCount "72"]
[EventDate "2005.06.18"]
[EventType "swiss"]
[EventRounds "9"]
[EventCountry "RUS"]
[SourceTitle "CBM 106 Extra"]
[Source "ChessBase"]
[SourceDate "2005.07.01"]
[SourceVersion "1"]
[SourceVersionDate "2005.07.01"]
[SourceQuality "1"]

1. d4 Nf6 2. c4 c5 3. d5 b5 4. cxb5 a6 5. bxa6 g6 6. b3 Bg7 7. Bb2 0-0 8. g3 Nxa6 9. Bg2 Bb7 10. Nh3 Nb4 11. e4 Ba6 12. Bc3 Nd3+ 13. Kd2 e6 14. d6 Qb6 15. e5 Nd5 16. f4 Rab8 17. Qg1 f6 18. Be4 fxe5 19. Bxd3 Bxd3 20. Kxd3 e4+ 21. Kc2 Nb4+ 22. Kc1 Nd3+ 23. Kc2 Qxd6 24. Qe3 Qc6 25. Nf2 Nb4+ 26. Kc1 Bd4 27. Qxe4 d5 28. Qe2 Bxf2 29. a3 d4 30. Rd1 Be3+ 31. Bd2 Nd5 32. Qc4 Bxd2+ 33. Nxd2 Ne3 34. Qe2 e5 35. fxe5 Nxd1 36. Qxd1 Rf2 0-1